Ashes Series Winners - Statistics

General Stats
  • This quiz has been taken 47 times
    39 since last reset
  • The average score is 50 of 73
Answer Stats
Hint Answer % Correct
1882-83 England
91%
1884 England
91%
1884-85 England
91%
1886 England
91%
1886-87 England
91%
1887-88 England
89%
1888 England
89%
1890 England
89%
1891-92 Australia
86%
2021-22 Australia
80%
1897-98 Australia
77%
2006-07 Australia
77%
2013-14 Australia
77%
2017-18 Australia
77%
1893 England
77%
1894-95 England
77%
1896 England
77%
2009 England
77%
2010-11 England
77%
2013 England
77%
2015 England
77%
2005 England
74%
1899 Australia
71%
2002-03 Australia
71%
1901-02 Australia
69%
1902 Australia
69%
2001 Australia
69%
1903-04 England
69%
1905 England
69%
1907-08 Australia
66%
1909 Australia
66%
1920-21 Australia
66%
1921 Australia
66%
1924-25 Australia
66%
1930 Australia
66%
1964 Australia
66%
1982-83 Australia
66%
1989 Australia
66%
1990-91 Australia
66%
1993 Australia
66%
1994-95 Australia
66%
1998-99 Australia
66%
1911-12 England
66%
1912 England
66%
1926 England
66%
1928-29 England
66%
1932-33 England
66%
1977 England
66%
1978-79 England
66%
1981 England
66%
1985 England
66%
1986-87 England
66%
1934 Australia
63%
1936-37 Australia
63%
1948 Australia
63%
1950-51 Australia
63%
1958-59 Australia
63%
1961 Australia
63%
1974-75 Australia
63%
1975 Australia
63%
1997 Australia
63%
1953 England
63%
1954-55 England
63%
1956 England
63%
1970-71 England
63%
1946-47 Australia
57%
2019 Drawn
49%
2023 Drawn
49%
1962-63 Drawn
40%
1965-66 Drawn
40%
1968 Drawn
40%
1972 Drawn
40%
1938 Drawn
37%
No matching quizzes found
Score Distribution
Percent of People with Each Score
Percentile by Number Answered
Your Score History
You have not taken this quiz since the last reset